[Event "Panevezys Elite 2018"]
[Site "Panevezys"]
[Date "2018.06.29"]
[Round "1.10"]
[White "Parligras, Cosmin"]
[Black "Bekasovs, Rihards"]
[Result "1/2-1/2"]
[WhiteElo "2231"]
[BlackElo "2052"]
[Annotator "ChessBase"]
[PlyCount "121"]
[EventDate "2018.06.29"]
[EventType "swiss"]
[EventRounds "9"]
[EventCountry "LTU"]
[SourceTitle "playchess.com"]
[Source "ChessBase"]
[SourceQuality "1"]
[TimeControl "40/5400+30:1800+30"]

1. g3 {[%emt 0:00:40]} Nf6 {[%emt 0:00:36]} 2. Bg2 {[%emt 0:00:23]} d5 {[%emt 0:00:18]} 3. Nf3 {[%emt 0:00:36]} g6 {[%emt 0:01:19]} 4. O-O {[%emt 0:00:18]} Bg7 {[%emt 0:00:13]} 5. d4 {[%emt 0:00:07]} O-O {[%emt 0:01:52]} 6. c4 {[%emt 0:00:05]} c6 {[%emt 0:00:38]} 7. cxd5 {[%emt 0:00:05]} cxd5 {[%emt 0:00:05]} 8. Ne5 {[%emt 0:00:41]} Nc6 {[%emt 0:00:18]} 9. Nc3 {[%emt 0:00:53]} e6 {[%emt 0:05:02]} 10. Nxc6 {[%emt 0:02:01]} bxc6 {[%emt 0:00:02]} 11. Bf4 {[%emt 0:00:10]} Nd7 {[%emt 0:03:21]} 12. Na4 {[%emt 0:00:12]} e5 {[%emt 0:01:05]} 13. dxe5 {[%emt 0:00:29]} Nxe5 {[%emt 0:00:57]} 14. Rc1 {[%emt 0:00:17]} Bd7 {[%emt 0:25:33]} 15. b3 {[%emt 0:02:00]} Qe7 {[%emt 0:01:22]} 16. Qd2 {[%emt 0:03:30]} Rfd8 {[%emt 0:07:09]} 17. Bg5 {[%emt 0:07:30]} f6 {[%emt 0:04:35]} 18. Be3 {[%emt 0:00:22]} Bf5 {[%emt 0:05:29]} 19. Bc5 {[%emt 0:02:09]} Qe6 {[%emt 0:04:02]} 20. Bd4 {[%emt 0:03:02]} Nf7 {[%emt 0:09:55]} 21. Rc3 {[%emt 0:04:43]} Ng5 {[%emt 0:05:41]} 22. Rfc1 {[%emt 0:01:11]} Rd6 {[%emt 0:03:07]} 23. Nc5 {[%emt 0:03:15]} Qf7 {[%emt 0:01:11]} 24. h4 {[%emt 0:06:13]} Ne6 {[%emt 0:02:46]} 25. Nxe6 {[%emt 0:00:30]} Qxe6 {[%emt 0:00:02]} 26. Be3 {[%emt 0:07:13]} Bh3 {[%emt 0:14:54]} 27. Bf4 {[%emt 0:02:48]} Bxg2 {[%emt 0:00:17]} 28. Kxg2 {[%emt 0:00:08]} Rdd8 {[%emt 0:00:46]} 29. Rxc6 {[%emt 0:00:20]} Qe4+ {[%emt 0:00:10]} 30. Kg1 {[%emt 0:01:14]} Re8 {[%emt 0:00:50]} 31. R1c2 {[%emt 0:00:29]} f5 {[%emt 0:00:26]} 32. f3 {[%emt 0:15:03]} Qd4+ {[%emt 0:00:18]} 33. e3 {[%emt 0:00:08]} Qxd2 {[%emt 0:00:30]} 34. Rxd2 {[%emt 0:00:06]} Rac8 {[%emt 0:00:59]} 35. Rxc8 Rxc8 36. Kf2 {[%emt 0:02:35]} Kf7 {[%emt 0:00:15]} 37. Ke2 {[%emt 0:00:34]} Ke6 {[%emt 0:00:01]} 38. Kd1 {[%emt 0:00:47]} d4 {[%emt 0:02:21]} 39. exd4 {[%emt 0:00:22]} Kd5 {[%emt 0:00:04]} 40. Rc2 {[%emt 0:04:58]} Rxc2 {[%emt 0:00:28]} 41. Kxc2 {[%emt 0:30:06]} Bxd4 {[%emt 0:30:10]} 42. Kd3 {[%emt 0:00:21]} a6 {[%emt 0:00:13]} 43. Be3 {[%emt 0:01:09]} Be5 {[%emt 0:00:14]} 44. Bf2 {[%emt 0:02:25]} Bb2 {[%emt 0:01:53]} 45. b4 {[%emt 0:01:25]} Be5 {[%emt 0:00:26]} 46. a4 {[%emt 0:00:33]} Bd6 {[%emt 0:00:36]} 47. Kc3 {[%emt 0:01:05]} h5 {[%emt 0:00:27]} 48. Kb3 {[%emt 0:00:43]} Be7 {[%emt 0:00:22]} 49. b5 {[%emt 0:01:50]} axb5 {[%emt 0:00:14]} 50. axb5 {[%emt 0:00:06]} g5 {[%emt 0:00:43]} 51. b6 {[%emt 0:01:34]} Kc6 {[%emt 0:00:41]} 52. hxg5 {[%emt 0:01:01]} Bxg5 {[%emt 0:00:01]} 53. f4 {[%emt 0:00:14]} Be7 {[%emt 0:00:51]} 54. Kc4 {[%emt 0:00:08]} Bd6 {[%emt 0:00:09]} 55. Be3 {[%emt 0:02:06]} Be7 {[%emt 0:00:27]} 56. b7 {[%emt 0:03:30]} Kxb7 {[%emt 0:00:11]} 57. Kd5 {[%emt 0:00:06]} h4 {[%emt 0:00:31]} 58. Ke6 {[%emt 0:00:22]} Bd8 {[%emt 0:00:11]} 59. gxh4 {[%emt 0:00:17]} Bxh4 {[%emt 0:00:02]} 60. Kxf5 {[%emt 0:00:20]} Bg3 {[%emt 0:00:05]} 61. Ke4 1/2-1/2

[Event "Panevezys Elite 2018"]
[Site "Panevezys"]
[Date "2018.06.29"]
[Round "1.11"]
[White "Prigodin, Ruslan"]
[Black "Malinin, Yuri"]
[Result "1/2-1/2"]
[WhiteElo "2036"]
[BlackElo "2176"]
[Annotator "ChessBase"]
[PlyCount "69"]
[EventDate "2018.06.29"]
[EventType "swiss"]
[EventRounds "9"]
[EventCountry "LTU"]
[SourceTitle "playchess.com"]
[Source "ChessBase"]
[SourceQuality "1"]
[TimeControl "40/5400+30:1800+30"]

1. d4 {[%emt 0:00:00]} g6 {[%emt 0:00:31]} 2. Nf3 {[%emt 0:00:32]} Bg7 {[%emt 0:00:11]} 3. e4 {[%emt 0:00:50]} d6 {[%emt 0:00:11]} 4. Bd3 {[%emt 0:05:26]} e5 {[%emt 0:03:22]} 5. O-O {[%emt 0:04:27]} Nc6 {[%emt 0:06:46]} 6. Bb5 {[%emt 0:12:10]} Bd7 {[%emt 0:04:17]} 7. d5 {[%emt 0:08:54]} Nce7 {[%emt 0:03:20]} 8. Bxd7+ {[%emt 0:00:09]} Qxd7 {[%emt 0:00:14]} 9. c4 {[%emt 0:00:28]} f6 {[%emt 0:09:50]} 10. Nc3 {[%emt 0:02:44]} Nh6 {[%emt 0:08:15]} 11. b4 {[%emt 0:09:31]} O-O {[%emt 0:00:51]} 12. c5 {[%emt 0:03:49]} Nf7 {[%emt 0:03:40]} 13. Qb3 {[%emt 0:07:29]} Kh8 {[%emt 0:07:10]} 14. a4 {[%emt 0:03:13]} f5 {[%emt 0:02:30]} 15. Ng5 {[%emt 0:13:47]} fxe4 {[%emt 0:13:06]} 16. Ne6 {[%emt 0:01:21]} Rfe8 {[%emt 0:02:20]} 17. Nxe4 {[%emt 0:09:28]} Nf5 {[%emt 0:08:54]} 18. Bb2 {[%emt 0:01:37]} Nd4 {[%emt 0:05:15]} 19. Bxd4 {[%emt 0:01:15]} exd4 {[%emt 0:00:07]} 20. cxd6 {[%emt 0:01:30]} cxd6 {[%emt 0:00:45]} 21. Nxg7 {[%emt 0:03:47]} Kxg7 {[%emt 0:07:08]} 22. Qd3 {[%emt 0:00:29]} Qe7 {[%emt 0:01:57]} 23. Qxd4+ {[%emt 0:00:36]} Qe5 {[%emt 0:00:10]} 24. Rfd1 {[%emt 0:01:21]} Rac8 {[%emt 0:01:05]} 25. Qxe5+ {[%emt 0:02:28]} Rxe5 {[%emt 0:00:11]} 26. f3 {[%emt 0:00:13]} Rc2 {[%emt 0:03:34]} 27. Rac1 {[%emt 0:01:38]} Rxd5 {[%emt 0:00:24]} 28. Rxd5 {[%emt 0:01:34]} Rxc1+ {[%emt 0:00:21]} 29. Kf2 {[%emt 0:00:03]} Rc4 {[%emt 0:01:55]} 30. b5 {[%emt 0:02:28]} Rxa4 {[%emt 0:00:46]} 31. Nxd6 {[%emt 0:00:04]} Nxd6 {[%emt 0:01:00]} 32. Rxd6 {[%emt 0:00:02]} b6 {[%emt 0:01:02]} 33. Rd7+ {[%emt 0:00:07]} Kg8 {[%emt 0:00:09]} 34. Rd8+ {[%emt 0:01:54]} Kg7 {[%emt 0:00:14]} 35. Rd7+ {[%emt 0:00:06]} 1/2-1/2

[Event "Panevezys Elite 2018"]
[Site "Panevezys"]
[Date "2018.06.29"]
[Round "1.12"]
[White "Juksta, Karolis"]
[Black "Sinitsina, Anastassia"]
[Result "1-0"]
[WhiteElo "2187"]
[BlackElo "2101"]
[Annotator "ChessBase"]
[PlyCount "121"]
[EventDate "2018.06.29"]
[EventType "swiss"]
[EventRounds "9"]
[EventCountry "LTU"]
[SourceTitle "playchess.com"]
[Source "ChessBase"]
[SourceQuality "1"]
[TimeControl "40/5400+30:1800+30"]

1. d4 Nf6 2. c4 c5 3. d5 e6 4. Nc3 exd5 5. cxd5 d6 6. e4 g6 7. f4 Bg7 8. e5 Nfd7 9. Nb5 dxe5 10. Nd6+ Ke7 11. Nxc8+ Qxc8 12. Nf3 Re8 13. fxe5 Nxe5 14. Bb5 Nbd7 15. Nxe5 Bxe5 16. O-O a6 17. d6+ Kd8 18. Rxf7 axb5 19. Bg5+ Bf6 20. Bxf6+ Nxf6 21. Rxf6 Qc6 22. Qf1 Ra4 23. Rf7 Qxd6 24. Qxb5 Ree4 25. Qxb7 Reb4 26. Qf3 Rxb2 27. Rd1 Rd4 28. Qa8+ Rb8 29. Qa5+ Ke8 30. Rdf1 Rdb4 31. Rxh7 Qd4+ 32. Kh1 Rb1 33. Qa6 Rxf1+ 34. Qxf1 Qf6 35. Qe1+ Kf8 36. h3 Rb2 37. Qg3 Kg8 38. Rc7 Qf5 39. Kh2 Rb4 40. Rc6 g5 41. Qd6 Qf4+ 42. Qxf4 gxf4 43. Rxc5 Ra4 44. Rc2 Kg7 45. Kg1 Kg6 46. Kf2 Ra3 47. Ke1 Kg5 48. Rf2 Ra4 49. Kf1 Ra3 50. Ke1 Ra4 51. Kd1 Kh4 52. Rf3 Rxa2 53. Rxf4+ Kg5 54. Rg4+ Kf5 55. Ke1 Rb2 56. Kf1 Ra2 57. Kg1 Ra1+ 58. Kh2 Ra2 59. Rb4 Kg5 60. h4+ Kh5 61. Kh3 1-0

[Event "Panevezys Elite 2018"]
[Site "Panevezys"]
[Date "2018.06.29"]
[Round "1.13"]
[White "Kalinowska, Zuzanna"]
[Black "Vicas, Marijus"]
[Result "1-0"]
[WhiteElo "1968"]
[BlackElo "2183"]
[Annotator "ChessBase"]
[PlyCount "107"]
[EventDate "2018.06.29"]
[EventType "swiss"]
[EventRounds "9"]
[EventCountry "LTU"]
[SourceTitle "playchess.com"]
[Source "ChessBase"]
[SourceQuality "1"]
[TimeControl "40/5400+30:1800+30"]

1. d4 Nf6 2. c4 g6 3. Nc3 d5 4. cxd5 Nxd5 5. e4 Nxc3 6. bxc3 Bg7 7. Nf3 c5 8. Be3 O-O 9. Qd2 cxd4 10. cxd4 b6 11. Rc1 Bb7 12. Bd3 Nd7 13. O-O Nf6 14. d5 Ng4 15. Bf4 f5 16. Ng5 e5 17. Ne6 Qd6 18. Rc7 Rf7 19. Rfc1 exf4 20. Rxf7 Bh6 21. Qb2 Kxf7 22. Rc7+ Kg8 23. Rg7+ Kh8 24. Rxb7+ Qe5 25. Qxe5+ Nxe5 26. Bc2 Rc8 27. exf5 Kg8 28. Rc7 Rxc7 29. Nxc7 Bf8 30. fxg6 hxg6 31. Ne6 Bd6 32. Nxf4 Nf3+ 33. gxf3 Bxf4 34. Bxg6 b5 35. h4 Kf8 36. Kf1 Ke7 37. Ke2 Kd6 38. Bf7 a5 39. Kd3 Ke5 40. h5 Bh6 41. Be8 Kxd5 42. Bxb5 Ke5 43. Bd7 Bf8 44. Kc4 Kf4 45. Kb5 Kxf3 46. Kxa5 Bc5 47. h6 Bxf2 48. h7 Bd4 49. Kb5 Kf4 50. Kc4 Bf6 51. a4 Ke5 52. Kc5 Ke4 53. a5 Bd4+ 54. Kc4 1-0

[Event "Panevezys Elite 2018"]
[Site "Panevezys"]
[Date "2018.06.30"]
[Round "2.1"]
[White "Starostits, Ilmars"]
[Black "Stremavicius, Titas"]
[Result "1/2-1/2"]
[WhiteElo "2449"]
[BlackElo "2448"]
[Annotator "ChessBase"]
[PlyCount "26"]
[EventDate "2018.06.29"]
[EventType "swiss"]
[EventRounds "9"]
[EventCountry "LTU"]
[SourceTitle "playchess.com"]
[Source "ChessBase"]
[SourceQuality "1"]
[TimeControl "40/5400+30:1800+30"]

1. Nf3 d5 2. d4 Nf6 3. c4 e6 4. g3 Be7 5. Bg2 O-O 6. O-O dxc4 7. Qa4 a6 8. Qxc4 b5 9. Qc2 Bb7 10. Bd2 Be4 11. Qb3 Bd5 12. Qc2 Be4 13. Qb3 Bd5 1/2-1/2

[Event "Panevezys Elite 2018"]
[Site "Panevezys"]
[Date "2018.06.30"]
[Round "2.2"]
[White "Badelka, Olga"]
[Black "Kveinys, Aloyzas"]
[Result "0-1"]
[WhiteElo "2407"]
[BlackElo "2537"]
[Annotator "ChessBase"]
[PlyCount "100"]
[EventDate "2018.06.29"]
[EventType "swiss"]
[EventRounds "9"]
[EventCountry "LTU"]
[SourceTitle "playchess.com"]
[Source "ChessBase"]
[SourceQuality "1"]
[TimeControl "40/5400+30:1800+30"]

1. c4 c6 2. Nf3 d5 3. e3 Nf6 4. b3 Bf5 5. Bb2 Nbd7 6. Be2 h6 7. d3 e6 8. Qc2 Be7 9. Nbd2 O-O 10. O-O Re8 11. a3 a5 12. Bc3 Bf8 13. b4 axb4 14. axb4 dxc4 15. Nxc4 Nd5 16. Rxa8 Qxa8 17. Ra1 Qb8 18. e4 Nxc3 19. Qxc3 Bg4 20. Nd4 Bxe2 21. Nxe2 Nf6 22. h3 Rd8 23. Rb1 Qc7 24. Ne5 Bd6 25. Nc4 Be7 26. Ne5 Qb6 27. Nc4 Qa6 28. Qc2 Ne8 29. Nc3 Nc7 30. Rb2 b5 31. Nd2 Qb6 32. Na2 Na6 33. Nf3 c5 34. bxc5 Bxc5 35. Rb1 b4 36. Nc1 Bd4 37. Kf1 Qb5 38. Ke2 Bf6 39. Nb3 Bc3 40. Nc1 Qd7 41. Na2 Rc8 42. Rc1 Rc7 43. Qb1 Qa4 44. Nd2 Bxd2 45. Rxc7 Nxc7 46. Kxd2 b3 47. Nc1 Qb4+ 48. Kd1 b2 49. Ne2 Qb3+ 50. Kd2 Nb5 0-1

[Event "Panevezys Elite 2018"]
[Site "Panevezys"]
[Date "2018.06.30"]
[Round "2.3"]
[White "Grib, Roman"]
[Black "Laurusas, Tomas"]
[Result "1-0"]
[WhiteElo "2445"]
[BlackElo "2465"]
[Annotator "ChessBase"]
[PlyCount "59"]
[EventDate "2018.06.29"]
[EventType "swiss"]
[EventRounds "9"]
[EventCountry "LTU"]
[SourceTitle "playchess.com"]
[Source "ChessBase"]
[SourceQuality "1"]
[TimeControl "40/5400+30:1800+30"]

1. e4 c5 2. Nf3 e6 3. c4 a6 4. Nc3 Qc7 5. d4 cxd4 6. Nxd4 Nf6 7. Nc2 b6 8. Bd3 Bd6 9. Bg5 Nc6 10. Qe2 Bb7 11. g3 Ne5 12. f4 Nxd3+ 13. Qxd3 Rc8 14. Rf1 Be7 15. e5 Ng8 16. Bxe7 Nxe7 17. O-O-O Bc6 18. Nb4 b5 19. Nxc6 Qxc6 20. cxb5 axb5 21. Kb1 b4 22. Nb5 Rb8 23. Nd6+ Kf8 24. f5 Kg8 25. fxe6 fxe6 26. Nf7 Nd5 27. Rc1 Qa4 28. Nh6+ gxh6 29. Qf3 Nc3+ 30. Rxc3 1-0

[Event "Panevezys Elite 2018"]
[Site "Panevezys"]
[Date "2018.06.30"]
[Round "2.4"]
[White "Bjerre, Jonas Buhl"]
[Black "Krivonosov, Oleg"]
[Result "1/2-1/2"]
[WhiteElo "2436"]
[BlackElo "2399"]
[Annotator "TA"]
[PlyCount "114"]
[EventDate "2018.06.29"]
[EventType "swiss"]
[EventRounds "9"]
[EventCountry "LTU"]
[SourceTitle "playchess.com"]
[Source "ChessBase"]
[SourceQuality "1"]

{[%evp 18,114,11,9,12,5,17,9,13,0,0,-6,-8,0,0,-23,-22,-27,-12,-40,-54,-74,37,41,27,38,28,0,0,0,0,0,23,0,38,27,57,0,0,0,0,0,0,0,0,0,0,0,0,0,0,-141,23,-50,-63,-225,-242,-341,-302,-535,-537,-529,-529,-509,-492,-531,-479,-473,-425,-224,0,0,0,0,0,0,0,0,0,0,0,0,0,0,0,0,0,0,0,0,0,0,0,0,0,0,0,0,0]} 1. e4 e5 2. Nf3 Nc6 3. Bb5 Nf6 4. d3 Bc5 5. Bxc6 dxc6 6. Nbd2 {C65: Ruy Lopez: Berlin Defence (3...Nf6), unusual lines and 4 0-0 Bc5} (6. Qe2 Qe7 7. Nbd2 Bg4 8. h3 Bh5 9. a3 Nd7 10. b4 Bb6 11. Nc4 a5 12. Rb1 axb4 13. axb4 Ra2 {0-1 (52) Carlsen,M (2843)-Aronian,L (2764) Stavanger 2018}) 6... Bg4 7. h3 Bh5 8. Nf1 Nd7 9. Ng3 Bxf3 10. Qxf3 {LiveBook: 3 Games} g6 11. O-O Qe7 $146 ({Predecessor:} 11... Qf6 12. Qe2 Nf8 13. Be3 Ne6 14. Bxc5 Nxc5 15. Qe3 Ne6 16. Ne2 b6 17. Qd2 c5 18. Rab1 {1-0 (18) Nekhaev,A (2517)-Ganiev,I (2371) ICCF email 2014}) 12. Bd2 h5 13. a4 a5 14. c3 (14. Rfd1 {is more complex.} Nf8 15. Ne2 f6 16. Bc3 Ne6 17. Qg3) 14... Qf6 15. Qxf6 Nxf6 16. Rad1 Nd7 17. Ne2 O-O-O 18. d4 Bb6 19. f3 f5 ({Black should play} 19... c5 $1 $17) 20. exf5 $14 gxf5 21. Bg5 $36 {[%mdl 2048] Black is under pressure.} Rde8 22. Kh2 exd4 23. Nxd4 Bxd4 24. Rxd4 Nc5 {Strongly threatening ...Ne6.} 25. Rf4 Ref8 {Hoping for ...Ne6.} 26. Be7 Ne6 27. Bxf8 (27. Rc4 $14 Rf7 28. Bh4) 27... Nxf4 {[%mdl 4096] Endgame KRB-KRN} 28. Bg7 Rg8 29. Bh6 $1 {[%cal Rh6f4]} Nd3 30. b3 Rg6 31. Be3 f4 32. Bg1 c5 33. Rd1 Rd6 34. g3 (34. g4 $11 {remains equal.}) 34... Kd7 $2 (34... Ne5 $1 $17 35. Rxd6 cxd6 36. gxf4 Nxf3+ 37. Kg2 Nxg1 38. Kxg1 d5) 35. gxf4 (35. g4 $11) 35... Nxf4 $15 36. Rxd6+ $2 (36. Re1 $1 $15) 36... cxd6 $11 {KB-KN} ({Less strong is} 36... Kxd6 37. c4 $15) 37. Be3 (37. c4 $142 Ne2 38. Be3) 37... Nd5 $19 38. Bd2 $2 {[#]} (38. Bf2 Nxc3 39. Kg2) 38... c4 $1 {[%cal Rc4b3][%mdl 512]} 39. bxc4 Nb6 $1 {[%csl LRa4,LRc4]} 40. Kg3 Nxa4 41. Kh4 Nb2 42. Bc1 Nxc4 43. Kxh5 {[#]} a4 $2 ({Better is} 43... Ke6 $1 $19 {White must now prevent ...Kf5.} 44. Kg6 Ne5+ 45. Kg5 Nxf3+ 46. Kf4 Ne5) 44. Kg6 $11 {The position is equal.} Ne5+ 45. Kf5 Nxf3 46. Ke4 Ne5 (46... Nh4 {with more complications.} 47. c4 Ke6 48. Kd4 Nf5+ 49. Kc3 Ke5) 47. h4 Ke6 48. h5 b5 49. h6 Kf6 50. Kd5 Nc4 51. Kc6 a3 {[#]} 52. Bxa3 $1 {[%mdl 512]} Nxa3 53. Kxd6 {KN-KPP} Nb1 54. Kc5 Nxc3 55. Kb4 Ne4 {( -> ...Nd6)} 56. Kxb5 Kg6 57. h7 Kxh7 {Precision: White = 45%, Black = 69%.} 1/2-1/2

[Event "Panevezys Elite 2018"]
[Site "Panevezys"]
[Date "2018.06.30"]
[Round "2.5"]
[White "Van Osch, Mees"]
[Black "Harutjunyan, Gevorg"]
[Result "0-1"]
[WhiteElo "2324"]
[BlackElo "2418"]
[Annotator "TA"]
[PlyCount "88"]
[EventDate "2018.06.29"]
[EventType "swiss"]
[EventRounds "9"]
[EventCountry "LTU"]
[SourceTitle "playchess.com"]
[Source "ChessBase"]
[SourceQuality "1"]

{[%evp 12,88,3,9,0,0,0,-9,-5,-7,-14,-12,0,0,0,-3,-6,-69,-39,-39,-39,-37,-9,-95,-23,-52,-45,-75,-69,-125,-131,-124,-122,-108,-113,-155,-155,-154,-146,-177,-178,-172,-168,-175,-173,-186,-138,-234,-229,-381,-358,-370,-374,-387,-376,-410,-391,-437,-435,-464,-454,-518,-510,-507,-491,-498,-487,-604,-550,-637,-436,-554,-485,-1180,-1150,-5439,-5393,-1956,-5033]} 1. e4 c6 2. d4 d5 3. Nd2 dxe4 4. Nxe4 Bf5 5. Ng3 Bg6 6. N1e2 Nf6 7. Nf4 {LiveBook: 340 Games} Qc7 {B18: Classical Caro-Kann: 4...Bf5 sidelines} (7... Nbd7 8. Bc4 Qc7 9. O-O e6 10. c3 Bd6 11. Qf3 c5 12. dxc5 Bxc5 13. Bb3 O-O-O 14. Nxg6 hxg6 15. Bf4 e5 16. Be3 e4 17. Qe2 Bxe3 18. Qxe3 Rxh2 19. Rfd1 Rdh8 20. Qxa7 e3 21. Qxe3 Ng4 {0-1 (21) Zherebukh,Y (2605)-Nakamura,H (2793) Saint Louis 2017 CBM 178 [Moradiabadi,E]}) 8. h4 $146 ({Predecessor:} 8. c3 Nbd7 9. Bc4 e6 10. O-O Bd6 11. Qf3 O-O 12. Nxg6 hxg6 13. Bg5 c5 14. Rac1 Rab8 15. h4 {½-½ (41) Szabo,M (2196)-Khan,V (2109) LSS email 2014}) 8... e5 9. Qe2 Nbd7 {Black wants to play ...0-0-0.The position is equal.} 10. dxe5 Qxe5 11. Nxg6 hxg6 12. Bf4 Qxe2+ 13. Bxe2 Bc5 14. c4 (14. Rd1 $11) 14... O-O-O 15. Rd1 Rde8 16. Kf1 a5 17. Bf3 (17. b3 $11) 17... a4 (17... Ne5 $17 18. b3 a4 $1 {[%mdl 512]}) 18. Rh3 Ne5 19. Bxe5 Rxe5 20. Re1 ({White should play} 20. b3 $15) 20... Rxe1+ $17 21. Kxe1 Rd8 22. Nf1 Re8+ 23. Be2 Bb4+ 24. Kd1 Ne4 25. Kc2 {[#]} Bc5 $1 $36 {[%mdl 2048] Black is really pushing.} 26. Bd3 Nxf2 27. Rf3 Re7 28. Nd2 Bd4 29. Nb1 (29. b3 $17 {might work better.}) 29... Ng4 $19 30. Nc3 $2 (30. Kd2 {was worth a try.}) 30... Ne3+ 31. Kd2 Nxg2 32. Nxa4 Nxh4 33. Rh3 g5 {[%cal Bg6g5,Bg5g4,Bg4g3,Bg3g2][%mdl 32]} 34. Nc3 f5 {Black is clearly winning.} 35. b4 g6 36. b5 Rh7 37. Ne2 Be5 38. Kc2 g4 39. Re3 Nf3 40. a4 Rd7 41. Nc3 f4 42. Re4 (42. Rxf3 $142 gxf3 43. Ne4) 42... g3 {...g2 is the strong threat.} 43. Bf1 Rd2+ 44. Kb3 g2 {Precision: White = 25%, Black = 64%.} 0-1

[Event "Panevezys Elite 2018"]
[Site "Panevezys"]
[Date "2018.06.30"]
[Round "2.6"]
[White "Brazdzionis, Andrius"]
[Black "Juksta, Karolis"]
[Result "1/2-1/2"]
[WhiteElo "2252"]
[BlackElo "2187"]
[Annotator "ChessBase"]
[PlyCount "77"]
[EventDate "2018.06.29"]
[EventType "swiss"]
[EventRounds "9"]
[EventCountry "LTU"]
[SourceTitle "playchess.com"]
[Source "ChessBase"]
[SourceQuality "1"]
[TimeControl "40/5400+30:1800+30"]

1. Nf3 d5 2. d4 e6 3. c4 Nf6 4. g3 dxc4 5. Qa4+ Nbd7 6. Bg2 a6 7. Qxc4 b5 8. Qc2 Bb7 9. O-O c5 10. a4 cxd4 11. Nxd4 Bxg2 12. Kxg2 Bc5 13. Nb3 Be7 14. N1d2 O-O 15. Nf3 Rc8 16. Qd1 Nb6 17. axb5 axb5 18. Qxd8 Rfxd8 19. Nbd4 b4 20. Ra6 Bc5 21. Nb3 Nbd5 22. Bg5 Be7 23. Rc1 Rxc1 24. Nxc1 h6 25. Bxf6 Nxf6 26. Nd3 Nd7 27. Ra7 Bf8 28. h4 g6 29. Kh3 e5 30. e4 f6 31. Rb7 Nc5 32. Nxc5 Bxc5 33. Kg2 Rd1 34. Rc7 Bf8 35. Rc2 Kf7 36. Nd2 Ke6 37. Nf1 Rb1 38. Nd2 Rd1 39. Nf1 1/2-1/2

[Event "Panevezys Elite 2018"]
[Site "Panevezys"]
[Date "2018.06.30"]
[Round "2.7"]
[White "Priyanka Nutakki"]
[Black "Vovk, Ilja"]
[Result "0-1"]
[WhiteElo "2180"]
[BlackElo "2273"]
[Annotator "ChessBase"]
[PlyCount "96"]
[EventDate "2018.06.29"]
[EventType "swiss"]
[EventRounds "9"]
[EventCountry "LTU"]
[SourceTitle "playchess.com"]
[Source "ChessBase"]
[SourceQuality "1"]
[TimeControl "40/5400+30:1800+30"]

1. e4 e5 2. Nf3 Nc6 3. Bc4 Nf6 4. d3 Be7 5. O-O O-O 6. Re1 d6 7. a4 Kh8 8. Nc3 Bg4 9. h3 Bh5 10. Be3 Qd7 11. Nd5 Nxd5 12. exd5 Nd4 13. Bxd4 exd4 14. g4 Bg6 15. Nxd4 Bf6 16. Ne2 h5 17. Nc3 Rae8 18. Qf3 Re5 19. Rxe5 Bxe5 20. Ne2 Bxb2 21. Rb1 Be5 22. Rxb7 Qxa4 23. gxh5 Bh7 24. Rxc7 Qxc2 25. Rxa7 f5 26. d4 Qb1+ 27. Kg2 f4 28. Ba2 Qb6 29. Ra3 Bxd4 30. Rb3 Qa7 31. Nxf4 Kg8 32. Ra3 Qe7 33. Qg4 Qe4+ 34. Rf3 Bf5 35. Qg3 Be5 36. h6 g5 37. Qxg5+ Kh8 38. Bb1 Qxb1 39. Ng6+ Bxg6 40. Rxf8+ Kh7 41. Qe7+ Kxh6 42. Qh4+ Bh5 43. Rg8 Qf5 44. Kg1 Bf6 45. Qg3 Qb1+ 46. Kg2 Qe4+ 47. Kf1 Be2+ 48. Kg1 Bf3 0-1

[Event "Panevezys Elite 2018"]
[Site "Panevezys"]
[Date "2018.06.30"]
[Round "2.8"]
[White "Ratsma, Midas"]
[Black "Kalinowska, Zuzanna"]
[Result "1-0"]
[WhiteElo "2253"]
[BlackElo "1968"]
[Annotator "ChessBase"]
[PlyCount "69"]
[EventDate "2018.06.29"]
[EventType "swiss"]
[EventRounds "9"]
[EventCountry "LTU"]
[SourceTitle "playchess.com"]
[Source "ChessBase"]
[SourceQuality "1"]
[TimeControl "40/5400+30:1800+30"]

1. d4 Nf6 2. c4 e6 3. Nc3 Bb4 4. Qc2 O-O 5. Nf3 c5 6. dxc5 Na6 7. g3 Nxc5 8. Bg2 Nce4 9. O-O Nxc3 10. bxc3 Be7 11. e4 d6 12. e5 dxe5 13. Nxe5 Qc7 14. Qe2 Bd6 15. Re1 Rb8 16. Rb1 Nd7 17. Bf4 Nb6 18. Rbd1 f6 19. Rxd6 fxe5 20. Bxe5 Nxc4 21. Rxe6 Nxe5 22. Qxe5 Qxe5 23. R6xe5 b5 24. Bd5+ Kh8 25. Re7 a5 26. Ra7 a4 27. Ree7 Bf5 28. Rxg7 Rbd8 29. c4 bxc4 30. Bxc4 Rd2 31. f3 Rc2 32. Rgc7 Rd8 33. Bf1 Rxa2 34. g4 Rg8 35. Bc4 1-0

[Event "Panevezys Elite 2018"]
[Site "Panevezys"]
[Date "2018.06.30"]
[Round "2.9"]
[White "Malinin, Yuri"]
[Black "Parligras, Cosmin"]
[Result "1/2-1/2"]
[WhiteElo "2176"]
[BlackElo "2231"]
[Annotator "ChessBase"]
[PlyCount "104"]
[EventDate "2018.06.29"]
[EventType "swiss"]
[EventRounds "9"]
[EventCountry "LTU"]
[SourceTitle "playchess.com"]
[Source "ChessBase"]
[SourceQuality "1"]
[TimeControl "40/5400+30:1800+30"]

1. Nf3 d5 2. c4 d4 3. b4 g5 4. Bb2 Bg7 5. e3 e5 6. exd4 exd4 7. Bd3 g4 8. Qe2+ Qe7 9. Bxd4 gxf3 10. Qxe7+ Nxe7 11. Bxg7 Rg8 12. Bc3 Bf5 13. Bxf5 fxg2 14. Rg1 Nxf5 15. f3 Nc6 16. Kf2 O-O-O 17. Rxg2 Rxg2+ 18. Kxg2 Ncd4 19. Na3 Ne2 20. Re1 Nxc3 21. dxc3 Rd2+ 22. Kh3 Rxa2 23. Nb5 a6 24. Re5 axb5 25. Rxf5 bxc4 26. Rc5 b5 27. Rxb5 Rc2 28. Kg4 Rxc3 29. Kf4 Rb3 30. Ke4 h6 31. Rf5 Rxb4 32. Rxf7 c3+ 33. Kd3 Rc4 34. Kc2 Kb7 35. f4 Kb6 36. f5 Kb5 37. Rh7 Rc6 38. f6 Rxf6 39. Rxc7 Kb4 40. Rb7+ Kc4 41. Rc7+ Kd4 42. Rxc3 Rf2+ 43. Kb3 Rxh2 44. Rc6 h5 45. Rc4+ Kd5 46. Rf4 Ke5 47. Rc4 h4 48. Ka3 Kf5 49. Rb4 Rh1 50. Ka2 h3 51. Rb3 Rh2+ 52. Ka3 Rh1 1/2-1/2

[Event "Panevezys Elite 2018"]
[Site "Panevezys"]
[Date "2018.06.30"]
[Round "2.10"]
[White "Bekasovs, Rihards"]
[Black "Stasans, Aivars"]
[Result "1/2-1/2"]
[WhiteElo "2052"]
[BlackElo "2071"]
[Annotator "NA"]
[PlyCount "103"]
[EventDate "2018.06.29"]
[EventType "swiss"]
[EventRounds "9"]
[EventCountry "LTU"]
[SourceTitle "playchess.com"]
[Source "ChessBase"]
[SourceQuality "1"]
[TimeControl "40/5400+30:1800+30"]

1. Nf3 Nf6 2. c4 g6 3. b3 Bg7 4. Bb2 O-O 5. g3 c5 6. Bg2 Nc6 7. O-O d6 8. d4 cxd4 9. Nxd4 Nxd4 10. Bxd4 Qa5 11. e3 Rb8 12. Bc3 Qc7 13. Nd2 b5 14. Rc1 b4 15. Bd4 e5 16. Bb2 Bb7 17. Bxb7 Rxb7 18. Qf3 Rb6 19. Rfd1 Qc6 20. Qxc6 Rxc6 21. a3 a5 22. axb4 axb4 23. Ra1 Rb8 24. Ra5 Ne8 25. Kf1 f5 26. Ke2 Nc7 27. Rda1 Kf7 28. Ra7 Bf6 29. h4 Ke6 30. e4 h6 31. R1a5 Bd8 32. Ra2 Rbb6 33. f3 Ra6 34. R2xa6 Rxa6 35. Rb7 Ra2 36. Bc1 Na6 37. exf5+ gxf5 38. Rh7 Nc5 39. Rxh6+ Bf6 40. g4 Nxb3 41. Kd1 Nxc1 42. Kxc1 fxg4 43. fxg4 Kf7 44. Ne4 Be7 45. Nxd6+ Bxd6 46. Rxd6 Rg2 47. Rb6 Rxg4 48. Rxb4 Rxh4 49. Rb6 Rxc4+ 50. Kd2 Ke7 51. Ke3 Ra4 52. Rh6 1/2-1/2